|
|
|
|
| LEADER |
01198nam a2200277 u 4500 |
| 001 |
10080151 |
| 003 |
upatras |
| 005 |
20210117202140.0 |
| 008 |
081103s2005 f eng |
| 020 |
|
|
|a 0521537827
|
| 040 |
|
|
|a GR-PaULI
|c GR-PaULI
|
| 041 |
0 |
|
|a eng
|
| 082 |
1 |
4 |
|a 841.8
|2 22
|
| 245 |
1 |
0 |
|a The Cambridge companion to Baudelaire
|c edited by Rosemary Lloyd
|
| 260 |
|
|
|a Cambridge
|a New York
|b Cambridge University Press
|c 2005
|
| 300 |
|
|
|a xviii, 234 p.
|c 24 cm.
|
| 490 |
0 |
|
|a Cambridge companions to literature
|
| 504 |
|
|
|a Includes bibliographical references and indexes
|
| 600 |
1 |
4 |
|9 81512
|a Baudelaire, Charles,
|d 1821-1867
|x Ερμηνεία και κριτική
|x Εγχειρίδια
|
| 700 |
1 |
|
|a Lloyd, Rosemary
|9 81513
|
| 760 |
0 |
|
|a Cambridge companions to literature
|
| 852 |
|
|
|a GR-PaULI
|b ΠΑΤΡΑ
|b ΦΙΛΟΛΟΓΙΑ
|k ΔΑΝΕΙΖ-6
|h 841.8 CAM
|m 010491
|p 025000178586
|t 1
|
| 942 |
|
|
|2 ddc
|
| 952 |
|
|
|0 0
|1 0
|2 ddc
|4 0
|6 841_800000000000000_CAM
|7 0
|9 83754
|a LISP
|b LISP
|c BSC
|d 2016-04-24
|i 010491
|l 1
|m 1
|o 841.8 CAM
|p 025000178586
|r 2016-11-16 00:00:00
|s 2016-10-19
|t 1
|w 2016-04-24
|y BK15
|x Μεταφορά Τμήματος Φιλολογίας
|
| 998 |
|
|
|c ELIDOC
|d 2009-09
|
| 999 |
|
|
|c 55961
|d 55961
|